000 00305nam a2200121 a 4500
005 20140414131926.0
008 101027s19uu xx 00 eng d
050 _aER
_bH14 1995
100 _aRoberts, Bethany
245 _aHalloween mice!.
260 _aNew York :
_bScholastic ,
_c1995.
999 _c112020
_d112020